Online
Catalog

Guía de pecadores : (Record no. 33253)

MARC details
000 -CABECERA
campo de control de longitud fija 00573nam a2200157 a 4500
001 - NÚMERO DE CONTROL
campo de control 000033762
005 - FECHA Y HORA DE LA ÚLTIMA TRANSACCIÓN
campo de control 20200930070511.0
008 - DATOS DE LONGITUD FIJA--INFORMACIÓN GENERAL
campo de control de longitud fija 110526s1777 sp 000 | spa d
040 ## - FUENTE DE LA CATALOGACIÓN
Centro catalogador/agencia de origen DO-SdBNP
Lengua de catalogación spa
Centro/agencia transcriptor BNPHU
082 ## - NÚMERO DE LA CLASIFICACIÓN DECIMAL DEWEY
Número de clasificación xxx
Número de documento/Ítem Z35r
049 ## - FONDOS LOCALES (OCLC)
Fondos de biblioteca BNPD
100 1# - ENTRADA PRINCIPAL--NOMBRE DE PERSONA
Nombre de persona Luis, de Granada
Fechas asociadas al nombre 1504-1588
9 (RLIN) 59182
245 10 - MENCIÓN DE TÍTULO
Título Guía de pecadores :
Resto del título en la cual se contiene una larga y copiosa exhortación a la virtud, y guarda de los mandamientos divinos /
Mención de responsabilidad, etc. Luis de Granada.
260 ## - PUBLICACIÓN, DISTRIBUCIÓN, ETC.
Lugar de publicación, distribución, etc. Madrid :
Nombre del editor, distribuidor, etc. En la Imprenta y Librería de D. Manuel Martín,
Fecha de publicación, distribución, etc. 1777.
300 ## - DESCRIPCIÓN FÍSICA
Extensión 423 p. ;
Dimensiones 21 cm.
Holdings
Estado de retiro Estado de pérdida Restricciones de uso No para préstamo Código de colección Localización permanente Ubicación/localización actual Ubicación en estantería Fecha de adquisición Número de inventario Total de préstamos Signatura topográfica completa Código de barras Fecha visto por última vez Precio válido a partir de Tipo de ítem Koha Nota pública
        Monografías: Libros y Folletos Patrimonio Dominicano Patrimonio Dominicano Orden iniciada 08.09.2011 LF1   xxx Z35r 33762-10 25.06.2020 25.06.2020 No se presta Perteneció a la biblioteca personal de Viviani Luna

Powered by Koha